XI Roku 2012 Polskich Piłkarzy (wg Tygodnika "Piłka Nożna") - Statystyki

Ogólne statystyki
  • Ten quiz został rozwiązany 75 razy
  • Średni wynik to 9 z 11
Statystyki odpowiedzi
Pozycja Klub Zawodnik % Poprawnych
BR Arsenal Wojciech Szczęsny
100%
PS Dortmund Jakub Błaszczykowski
99%
PO Dortmund Łukasz Piszczek
99%
N Dortmund Robert Lewandowski
97%
ŚO Torino Kamil Glik
95%
ŚPD Nantes/Reims Grzegorz Krychowiak
78%
ŚO Anderlecht Marcin Wasilewski
74%
LS Terek Maciej Rybus
70%
ŚPO Bordeaux Ludovic Obraniak
68%
LO Legia Jakub Wawrzyniak
66%
ŚPD Mainz Eugen Polanski
58%
Nie znaleziono quizów pasujących do podanych kryteriów
Rozkład punktacji
Procent ludzi z każdym wynikiem
Percentyl według liczby udzielonych odpowiedzi
Twoja historia wyników
Nie rozwiązałeś tego quizu